000 00641nam a22002297a 4500
003 UA-OsUOA
001 91474
007 ta
008 20121129b un ||||| |||| 00| 0 ukr d
100 _aСтарицкий М. П.
090 _a821.161.2
_bС 77
942 _cBK
040 _aUA-OsUOA
_brus
_cUA-OsUOA
_dUA-OsUOA
245 _aБогдан Хмельницкий
_bисторическая трилогия
_n1
300 _a707 с.
955 _a3
041 _arus
080 _a821.161.2
260 _aК.
_bМолодь
_c1963
650 7 _a82 Література. Літературознавство
_2UDC
999 _c377731
_d377731